[Event "5th Paleochora Open"]
[Site "Paleochora GRE"]
[Date "2012.07.17"]
[EventDate "2012.07.16"]
[Round "2.15"]
[Result "1/2-1/2"]
[White "Antoaneta Stefanova"]
[Black "Panteleimon Tzouganakis"]
[WhiteElo "2505"]
[BlackElo "2096"]
[PlyCount "148"]

1. d4 Nf6 2. Nf3 g6 3. g3 Bg7 4. Bg2 O-O 5. O-O d6 6. a4 a5
7. Re1 c6 8. e4 Qc7 9. h3 e5 10. b3 exd4 11. Nxd4 Na6 12. Bb2
Nc5 13. Nc3 Bd7 14. Qd2 Rad8 15. Rad1 Rfe8 16. g4 Bc8 17. Qf4
Ne6 18. Nxe6 fxe6 19. e5 dxe5 20. Qg3 Nd5 21. Ne4 Nf4 22. Rxd8
Rxd8 23. Bf1 b6 24. g5 Nh5 25. Qe3 c5 26. Be2 Bb7 27. Bxh5
Bxe4 28. Qxe4 gxh5 29. g6 hxg6 30. Qxg6 Qf7 31. Qg3 Kh7
32. Kf1 Qg6 33. Bxe5 Bxe5 34. Qxe5 Rd2 35. Qxe6 Qxe6 36. Rxe6
Rxc2 37. Rxb6 c4 38. bxc4 Rxc4 39. Rb5 Rxa4 40. Rxh5+ Kg6
41. Re5 Ra1+ 42. Re1 Ra2 43. Kg2 a4 44. Kg3 a3 45. h4 Rb2
46. Re6+ Kf5 47. Ra6 a2 48. f3 Re2 49. Ra5+ Kg6 50. Kg4 Rg2+
51. Kh3 Rf2 52. Kg3 Rc2 53. Kg4 Rg2+ 54. Kf4 Rb2 55. Ra6+ Kh5
56. Ra8 Re2 57. Rh8+ Kg6 58. h5+ Kf6 59. Ra8 Rh2 60. Ra6+ Kg7
61. Kg5 Rg2+ 62. Kf5 Rh2 63. Ra7+ Kh6 64. Ra8 Rxh5+ 65. Kf6
Kh7 66. Rxa2 Rh4 67. Ra7+ Kg8 68. Kg6 Kf8 69. Rf7+ Kg8 70. Rb7
Kf8 71. Kg5 Ra4 72. f4 Ra6 73. f5 Rc6 74. f6 Rc1 1/2-1/2

[Event "5th Paleochora Open"]
[Site "Paleochora GRE"]
[Date "2012.07.17"]
[EventDate "2012.07.16"]
[Round "3.23"]
[Result "0-1"]
[White "Andreas Persson"]
[Black "Antoaneta Stefanova"]
[WhiteElo "2104"]
[BlackElo "2505"]
[PlyCount "58"]

1. e4 e5 2. Nf3 Nc6 3. Bc4 Bc5 4. c3 Nf6 5. d3 O-O 6. b4 Bb6
7. a4 a6 8. O-O d5 9. exd5 Nxd5 10. Qb3 Nf6 11. Ng5 Qd7
12. Nd2 h6 13. Nge4 Qf5 14. Nxf6+ Qxf6 15. a5 Ba7 16. b5 axb5
17. Qxb5 Qg6 18. Ne4 Kh8 19. Be3 f5 20. Bxa7 fxe4 21. Bc5 Bh3
22. g3 Bxf1 23. Bxf8 Bxd3 24. Bb4 Rd8 25. a6 bxa6 26. Rxa6 Qg4
27. Ra1 Qe2 28. Qxc6 Bxc4 29. Qa4 e3 0-1

[Event "5th Paleochora Open"]
[Site "Paleochora GRE"]
[Date "2012.07.18"]
[EventDate "2012.07.16"]
[Round "4.13"]
[Result "1-0"]
[White "Antoaneta Stefanova"]
[Black "Christoph Nogly"]
[WhiteElo "2505"]
[BlackElo "2287"]
[PlyCount "81"]

1. Nf3 d5 2. c4 e6 3. b3 Be7 4. e3 Nf6 5. Bb2 O-O 6. d4 c5
7. Bd3 cxd4 8. exd4 Qa5+ 9. Nfd2 dxc4 10. bxc4 Nc6 11. O-O Rd8
12. Nb3 Qh5 13. Qxh5 Nxh5 14. Be4 Bd7 15. a4 Nf6 16. Bf3 Rac8
17. Na3 a6 18. Bc3 Be8 19. Rfd1 g5 20. h3 Nd7 21. Ba5 b6
22. Be1 Ndb8 23. Nc2 Bf6 24. Bc3 a5 25. Na3 Na6 26. Nb5 Nab4
27. Rd2 Ne7 28. Be2 Bxb5 29. axb5 Nbd5 30. Bb2 Nf4 31. Bf1 Nf5
32. g3 Ng6 33. Ra4 Nd6 34. c5 bxc5 35. dxc5 Bxb2 36. Rxb2 Nf5
37. c6 Ne5 38. Kg2 Rd5 39. Rxa5 Nd6 40. Rba2 Kg7 41. Ra8 1-0

[Event "5th Paleochora Open"]
[Site "Paleochora GRE"]
[Date "2012.07.19"]
[EventDate "2012.07.16"]
[Round "5.9"]
[Result "0-1"]
[White "Povilas Lasinskas"]
[Black "Antoaneta Stefanova"]
[WhiteElo "2153"]
[BlackElo "2505"]
[PlyCount "80"]

1. d4 d5 2. c4 c6 3. Nf3 Nf6 4. Nc3 a6 5. a4 e6 6. Bg5 a5
7. e3 Be7 8. Be2 Na6 9. O-O Nb4 10. Ne5 O-O 11. c5 b6 12. Na2
Nxa2 13. Nxc6 Qc7 14. Nxe7+ Qxe7 15. Rxa2 bxc5 16. dxc5 Qxc5
17. Bxf6 gxf6 18. Ra3 Kh8 19. Rc3 Qb4 20. Qc2 Ba6 21. Bxa6
Rxa6 22. Rd1 Rb6 23. b3 f5 24. g3 Qe4 25. Qb2 Kg8 26. Rd4 Qe5
27. Rc5 Qb8 28. Rh4 Rxb3 29. Qf6 Rb1+ 30. Kg2 Qb2 31. Rc3 Rb8
32. g4 f4 33. exf4 Qe2 34. Rh5 Qf1+ 35. Kg3 R1b3 36. Kh4 Rxc3
37. Qxc3 Qxf2+ 38. Kg5 Rb4 39. Qf6 Qd4 40. Qd8+ Kg7 0-1

[Event "5th Paleochora Open"]
[Site "Paleochora GRE"]
[Date "2012.07.21"]
[EventDate "2012.07.16"]
[Round "7.6"]
[Result "0-1"]
[White "Neelotpal Das"]
[Black "Antoaneta Stefanova"]
[WhiteElo "2456"]
[BlackElo "2505"]
[PlyCount "62"]

1. Nf3 d5 2. d4 Nf6 3. c4 c6 4. e3 Bf5 5. Nc3 e6 6. Nh4 Be4
7. f3 Bg6 8. Qb3 Qc7 9. Bd2 Be7 10. Nxg6 hxg6 11. Rc1 Nbd7
12. g3 dxc4 13. Qxc4 Nb6 14. Qb3 Rd8 15. f4 g5 16. fxg5 Ng4
17. Ne4 Nxh2 18. Be2 Kd7 19. Kf2 Rh3 20. Kg2 Rdh8 21. Be1 Nd5
22. Bf2 f5 23. gxf6 gxf6 24. Bg1 f5 25. Rxh2 Rxh2+ 26. Bxh2
fxe4 27. Rf1 Kc8 28. Bg4 Bg5 29. Bg1 Qh7 30. Rf4 Nxf4+
31. exf4 Qh1+ 0-1

[Event "5th Paleochora Open"]
[Site "Paleochora GRE"]
[Date "2012.07.22"]
[EventDate "2012.07.16"]
[Round "8.3"]
[Result "1/2-1/2"]
[White "Davorin Kuljasevic"]
[Black "Antoaneta Stefanova"]
[WhiteElo "2564"]
[BlackElo "2505"]
[PlyCount "31"]

1. d4 d5 2. c4 c6 3. Nf3 Nf6 4. Nc3 a6 5. e3 e6 6. b3 Bb4
7. Bd2 Nbd7 8. Bd3 O-O 9. O-O Qe7 10. Ne5 Nxe5 11. dxe5 Nd7
12. f4 g6 13. Qc2 b5 14. cxd5 cxd5 15. Ne2 Bc5 16. Nd4 1/2-1/2

[Event "Chess Olympiad (Women)"]
[Site "Istanbul TUR"]
[Date "2012.08.30"]
[EventDate "2012.08.28"]
[Round "3.14"]
[Result "1-0"]
[White "Antoaneta Stefanova"]
[Black "Annegret Mucha"]
[WhiteElo "2502"]
[BlackElo "2023"]
[PlyCount "117"]

1. d4 Nf6 2. Nf3 b6 3. e3 Bb7 4. Bd3 e6 5. O-O Be7 6. c4 O-O
7. Nc3 d5 8. b3 c5 9. Bb2 Nc6 10. Rc1 Rc8 11. Qe2 Qc7 12. cxd5
exd5 13. Nb5 Qb8 14. dxc5 bxc5 15. Bxf6 Bxf6 16. Rxc5 Nb4
17. Rfc1 a6 18. Nbd4 Nxd3 19. Qxd3 Rxc5 20. Rxc5 Rc8 21. Rc2
Rxc2 22. Qxc2 Qc8 23. Qd2 Qc5 24. h3 Bc8 25. Ne1 g6 26. Nd3
Qc7 27. Nf4 Bb7 28. a4 Be7 29. Nde2 Qc5 30. Qb2 Qd6 31. Qd4
Qc5 32. Qe5 Qd6 33. Qc3 Qc5 34. Qd3 Bf6 35. Nd4 Qc1+ 36. Kh2
Be5 37. g3 Qc5 38. Qd2 Bf6 39. Nd3 Qc7 40. Qc2 Qxc2 41. Nxc2
Be7 42. g4 Kf8 43. Kg3 Bd6+ 44. f4 h6 45. h4 Ke8 46. Nd4 Ke7
47. b4 Kd8 48. h5 Bc8 49. a5 Kc7 50. b5 axb5 51. Nxb5+ Kc6
52. Nxd6 Kxd6 53. g5 gxh5 54. gxh6 Bf5 55. a6 Kc7 56. Nb4 Kb6
57. Nxd5+ Kxa6 58. Nf6 Kb5 59. e4 1-0

[Event "Chess Olympiad (Women)"]
[Site "Istanbul TUR"]
[Date "2012.08.31"]
[EventDate "2012.08.28"]
[Round "4.11"]
[Result "1/2-1/2"]
[White "Nafisa Muminova"]
[Black "Antoaneta Stefanova"]
[WhiteElo "2329"]
[BlackElo "2502"]
[PlyCount "123"]

1. e4 e5 2. Nf3 Nc6 3. Nc3 g6 4. d4 exd4 5. Nxd4 Bg7 6. Be3
Nge7 7. Qd2 O-O 8. O-O-O d6 9. h4 h5 10. f3 Ne5 11. Bh6 N7c6
12. Bxg7 Kxg7 13. Be2 Rh8 14. Nd5 Be6 15. Rdg1 Bxd5 16. exd5
Nxd4 17. Qxd4 Qf6 18. f4 Ng4 19. Qxf6+ Kxf6 20. Bxg4 hxg4
21. g3 Rh5 22. c4 b5 23. b3 bxc4 24. bxc4 c6 25. dxc6 Rc5
26. Kd2 Rc8 27. Rb1 R8xc6 28. Rhc1 Rxc4 29. Rxc4 Rxc4 30. Rb3
Ra4 31. a3 Ke6 32. Kd3 a6 33. Rc3 Kd5 34. Ke3 Re4+ 35. Kd3 Re1
36. Kd2 Rg1 37. Rd3+ Kc6 38. Rc3+ Kd7 39. Rd3 Kc6 40. Rc3+ Kb5
41. Rb3+ Kc5 42. Rc3+ Kb5 43. Rb3+ Ka4 44. Rd3 a5 45. Ke2 Rb1
46. Rxd6 Rb3 47. f5 Kxa3 48. fxg6 fxg6 49. Rxg6 Rxg3 50. Kf2
Rf3+ 51. Kg2 a4 52. Rxg4 Rf8 53. Kh3 Kb3 54. h5 a3 55. Rg3+
Kb2 56. Kh4 a2 57. Rg2+ Kb3 58. Rxa2 Kxa2 59. Kg5 Kb3 60. h6
Kc4 61. Kg6 Kd5 62. Kg7 1/2-1/2

[Event "Chess Olympiad (Women)"]
[Site "Istanbul TUR"]
[Date "2012.09.01"]
[EventDate "2012.08.28"]
[Round "5.02"]
[Result "1/2-1/2"]
[White "Natascha Bojkovic"]
[Black "Antoaneta Stefanova"]
[WhiteElo "2392"]
[BlackElo "2502"]
[PlyCount "67"]

1. e4 e5 2. Nf3 Nc6 3. Bb5 Nf6 4. d3 Bc5 5. Bxc6 dxc6 6. Bg5
Bg4 7. h3 Bxf3 8. Qxf3 Qd4 9. c3 Qd6 10. Bxf6 gxf6 11. Nd2
O-O-O 12. Nb3 Bb6 13. O-O-O a5 14. Kc2 a4 15. Nd2 Qe6 16. Nc4
Bc5 17. Kb1 Rd7 18. Rd2 Rhd8 19. Rhd1 b5 20. Ne3 a3 21. b4 Be7
22. Nc2 c5 23. bxc5 Bxc5 24. d4 Qc4 25. d5 f5 26. Qxf5 Qxc3
27. Na1 Bd4 28. Nb3 Qb4 29. Rc2 Kb8 30. Qxh7 Bc3 31. Rd3 Bb2
32. Rd1 Bc3 33. Rdc1 Bb2 34. Rd1 1/2-1/2

[Event "Chess Olympiad (Women)"]
[Site "Istanbul TUR"]
[Date "2012.09.03"]
[EventDate "2012.08.28"]
[Round "6.14"]
[Result "1/2-1/2"]
[White "Antoaneta Stefanova"]
[Black "Anna Muzychuk"]
[WhiteElo "2502"]
[BlackElo "2606"]
[PlyCount "39"]

1. d4 d5 2. c4 c6 3. Nf3 Nf6 4. Nc3 e6 5. e3 Nbd7 6. Qc2 Bd6
7. Bd3 O-O 8. O-O dxc4 9. Bxc4 a6 10. Rd1 b5 11. Be2 Qc7
12. Ne4 Nxe4 13. Qxe4 Bb7 14. Qh4 c5 15. dxc5 Nxc5 16. Bd2 Be7
17. Qg3 Bd6 18. Qh4 Be7 19. Qg3 Bd6 20. Qh4 1/2-1/2

[Event "Chess Olympiad (Women)"]
[Site "Istanbul TUR"]
[Date "2012.09.04"]
[EventDate "2012.08.28"]
[Round "7.12"]
[Result "0-1"]
[White "Aleksandra Dimitrijevic"]
[Black "Antoaneta Stefanova"]
[WhiteElo "2280"]
[BlackElo "2502"]
[PlyCount "44"]

1. c4 c6 2. e4 d5 3. exd5 cxd5 4. cxd5 Nf6 5. Nc3 Nxd5 6. d4
g6 7. h3 Bg7 8. Nf3 O-O 9. Be2 Nc6 10. O-O Bf5 11. Be3 Rc8
12. Qb3 Nxe3 13. fxe3 Bh6 14. e4 Nxd4 15. Qxb7 Rxc3 16. bxc3
Nxe2+ 17. Kf2 Qd3 18. Qxa7 Qc2 19. Ne1 Qxe4 20. Nf3 Qc2
21. Ne1 Qb2 22. Nf3 Nf4+ 0-1

[Event "Chess Olympiad (Women)"]
[Site "Istanbul TUR"]
[Date "2012.09.05"]
[EventDate "2012.08.28"]
[Round "8.9"]
[Result "1-0"]
[White "Antoaneta Stefanova"]
[Black "Eva Kulovana"]
[WhiteElo "2502"]
[BlackElo "2259"]
[PlyCount "97"]

1. Nf3 d5 2. c4 c6 3. e3 Nf6 4. Nc3 a6 5. Qc2 g6 6. b3 Bg7
7. Bb2 O-O 8. Rc1 b5 9. cxd5 cxd5 10. a4 b4 11. Na2 a5 12. Be5
Ba6 13. Bxa6 Rxa6 14. Qd3 Ra7 15. Nd4 Rb7 16. O-O Nfd7
17. Bxg7 Kxg7 18. Nc6 Nxc6 19. Rxc6 Nb8 20. Rc5 e6 21. Qd4+ f6
22. Rfc1 Rff7 23. Rc8 Qb6 24. Qxb6 Rxb6 25. R1c5 Ra7 26. h4 f5
27. Nc1 Kf6 28. Ne2 Nd7 29. Rc2 h6 30. Nd4 Nb8 31. Rh8 h5
32. Rcc8 Nd7 33. Rh7 Rbb7 34. Nc6 Nb6 35. Rf8+ Rf7 36. Rhxf7+
Rxf7 37. Rb8 Nd7 38. Rb5 g5 39. hxg5+ Kxg5 40. Rxa5 f4 41. Ra7
fxe3 42. fxe3 Kf6 43. d4 Kf5 44. a5 Ke4 45. a6 Kxe3 46. Rb7
Ke2 47. a7 Rf1+ 48. Kh2 Nf6 49. a8=Q 1-0

[Event "Chess Olympiad (Women)"]
[Site "Istanbul TUR"]
[Date "2012.09.06"]
[EventDate "2012.08.28"]
[Round "9.5"]
[Result "1/2-1/2"]
[White "Antoaneta Stefanova"]
[Black "Monika (Bobrowska) Socko"]
[WhiteElo "2502"]
[BlackElo "2467"]
[PlyCount "61"]

1. d4 g6 2. c4 Nf6 3. Nc3 Bg7 4. e4 d6 5. Be2 O-O 6. Be3 e5
7. d5 a5 8. g4 Na6 9. h4 Nc5 10. Bf3 Bd7 11. g5 Ne8 12. h5 a4
13. Kf1 gxh5 14. Bxh5 f5 15. Nf3 fxe4 16. Nd2 Bf5 17. Bg4 Qd7
18. Bxf5 Qxf5 19. Rh4 Nd3 20. Ncxe4 Nf4 21. Qb1 Ng6 22. Rh2
Qd7 23. Ng3 b5 24. Qe4 a3 25. b3 Rf4 26. Qc2 bxc4 27. Nxc4 Rf7
28. Qe4 Rf4 29. Qc2 Rf7 30. Qe4 Rf4 31. Qc2 1/2-1/2

[Event "Chess Olympiad (Women)"]
[Site "Istanbul TUR"]
[Date "2012.09.07"]
[EventDate "2012.08.28"]
[Round "10.10"]
[Result "1/2-1/2"]
[White "Hoang Thanh Trang"]
[Black "Antoaneta Stefanova"]
[WhiteElo "2464"]
[BlackElo "2502"]
[PlyCount "37"]

1. d4 d5 2. c4 c6 3. Nf3 Nf6 4. Qc2 g6 5. Bf4 Bg7 6. e3 O-O
7. Nc3 Bf5 8. Bd3 Bxd3 9. Qxd3 Qa5 10. O-O Nbd7 11. cxd5 Nxd5
12. Nxd5 Qxd5 13. Rfd1 Rfd8 14. h3 h6 15. Bc7 Rdc8 16. Bg3 Rd8
17. Bc7 Rdc8 18. Bg3 Rd8 19. Bc7 1/2-1/2

[Event "Chess Olympiad (Women)"]
[Site "Istanbul TUR"]
[Date "2012.09.09"]
[EventDate "2012.08.28"]
[Round "11.2"]
[Result "1/2-1/2"]
[White "Antoaneta Stefanova"]
[Black "Yifan Hou"]
[WhiteElo "2502"]
[BlackElo "2599"]
[PlyCount "62"]

1. d4 e6 2. c4 Nf6 3. Nf3 d5 4. Nc3 Bb4 5. Bg5 h6 6. cxd5 exd5
7. Bxf6 Qxf6 8. Qb3 Qb6 9. e3 c6 10. Bd3 Bd6 11. Qc2 Be6
12. O-O Nd7 13. Rab1 a5 14. a3 O-O 15. b4 axb4 16. axb4 Ra3
17. Na4 Qc7 18. Nc5 Bg4 19. Bh7+ Kh8 20. Bf5 Bxf3 21. Nxd7 Be4
22. Bxe4 Qxd7 23. Bf5 Qe7 24. b5 c5 25. dxc5 Bxc5 26. Rfd1 Rd8
27. Rd2 Bb4 28. Rd4 Bc5 29. Rd2 Bb4 30. Rd4 Bc5 31. Rd2 Bb4
1/2-1/2

[Event "Women Grand Prix Ankara"]
[Site "Ankara TUR"]
[Date "2012.09.16"]
[EventDate "2012.09.16"]
[Round "1"]
[Result "1-0"]
[White "Zhao Xue"]
[Black "Antoaneta Stefanova"]
[WhiteElo "2549"]
[BlackElo "2502"]
[PlyCount "117"]

1. d4 d5 2. c4 c6 3. Nf3 Nf6 4. Qb3 e6 5. Bg5 a5 6. a3 a4
7. Qc2 dxc4 8. Qxc4 b5 9. Qc2 Qb6 10. Nc3 Nbd7 11. e4 Ba6
12. Be2 c5 13. d5 exd5 14. Bxf6 Nxf6 15. e5 Nd7 16. Nxd5 Qb7
17. Qe4 O-O-O 18. Rd1 Re8 19. Qf5 Be7 20. Qxf7 Bd8 21. e6 Nf6
22. Ne5 Rhf8 23. Qxb7+ Bxb7 24. Nxf6 gxf6 25. Nf7 Rxe6
26. Nxd8 Rxd8 27. Rxd8+ Kxd8 28. f3 Re3 29. Kf2 Rb3 30. Rd1+
Ke7 31. Rd2 b4 32. Bc4 bxa3 33. Bxb3 axb3 34. bxa3 c4 35. Ke3
c3 36. Re2 Kd6 37. Re1 Kc5 38. Kd3 c2 39. Kc3 Bd5 40. h4 h5
41. Kb2 Kd4 42. Re8 f5 43. Rd8 Kc5 44. Rc8+ Kd4 45. a4 Ke3
46. a5 f4 47. a6 Kf2 48. Rc5 Ba8 49. Rg5 Bc6 50. a7 Bb7
51. Kc1 Bc6 52. Kd2 Ba8 53. Rg8 Bd5 54. a8=Q Bxa8 55. Rxa8
Kxg2 56. Rh8 Kxf3 57. Rxh5 Kg4 58. Rh8 f3 59. Rf8 1-0

[Event "Women Grand Prix Ankara"]
[Site "Ankara TUR"]
[Date "2012.09.16"]
[EventDate "2012.09.16"]
[Round "1"]
[Result "1/2-1/2"]
[White "Tatiana Kosintseva"]
[Black "Antoaneta Stefanova"]
[WhiteElo "2524"]
[BlackElo "2502"]
[PlyCount "70"]

1. e4 e5 2. Nf3 Nc6 3. Bb5 Nf6 4. d3 Bc5 5. c3 O-O 6. O-O d6
7. h3 h6 8. Re1 Bb6 9. Nbd2 Ne7 10. d4 c6 11. Ba4 Ng6 12. Nf1
exd4 13. Nxd4 Re8 14. Bc2 d5 15. exd5 Rxe1 16. Qxe1 Bxd4
17. cxd4 Qxd5 18. Bxg6 fxg6 19. Be3 Be6 20. b3 a5 21. Nd2 a4
22. Rc1 Nd7 23. Nc4 axb3 24. axb3 Ra2 25. Qb4 b5 26. Na5 Nb8
27. Nb7 Na6 28. Qe7 Qd7 29. Qxd7 Bxd7 30. Nc5 Nxc5 31. Rxc5
Rb2 32. d5 cxd5 33. Rxd5 Be6 34. Rxb5 Rxb3 35. Rxb3 Bxb3
1/2-1/2

[Event "Women Grand Prix Ankara"]
[Site "Ankara TUR"]
[Date "2012.09.18"]
[EventDate "2012.09.16"]
[Round "3"]
[Result "0-1"]
[White "Antoaneta Stefanova"]
[Black "Koneru Humpy"]
[WhiteElo "2502"]
[BlackElo "2593"]
[PlyCount "84"]

1. d4 d5 2. c4 e6 3. Nf3 Nf6 4. Nc3 Bb4 5. cxd5 exd5 6. Bg5
Nbd7 7. e3 c5 8. dxc5 O-O 9. Rc1 Nxc5 10. Qd4 Bxc3+ 11. Qxc3
Nce4 12. Bxf6 Nxf6 13. Qc7 Bg4 14. Qxd8 Rfxd8 15. Nd4 Rac8
16. Rb1 Ne8 17. f3 Bd7 18. Bd3 Nc7 19. Kd2 Ne6 20. g4 Nxd4
21. exd4 Rc6 22. g5 f6 23. h4 Rf8 24. Rbe1 fxg5 25. Re7 Bf5
26. Bxf5 Rxf5 27. Rxb7 Rh6 28. Rxa7 Rxh4 29. Rc1 Rxf3 30. Rc8+
Rf8 31. Rxf8+ Kxf8 32. b4 Rxd4+ 33. Kc3 Rc4+ 34. Kb3 g4
35. Ra8+ Kf7 36. Ra7+ Kf6 37. Ra6+ Kf5 38. Rd6 Ke4 39. Rd7 g3
40. Rxg7 Kf3 41. Rg5 g2 42. Rxd5 Rg4 0-1

[Event "Women Grand Prix Ankara"]
[Site "Ankara TUR"]
[Date "2012.09.19"]
[EventDate "2012.09.16"]
[Round "4"]
[Result "1-0"]
[White "Viktorija Cmilyte"]
[Black "Antoaneta Stefanova"]
[WhiteElo "2520"]
[BlackElo "2502"]
[PlyCount "83"]

1. d4 d5 2. c4 c6 3. Nf3 Nf6 4. Nc3 e6 5. e3 Nbd7 6. Qc2 Bd6
7. Bd2 Qe7 8. O-O-O dxc4 9. Bxc4 b5 10. Bd3 Bb7 11. e4 e5
12. dxe5 Bxe5 13. Nxe5 Nxe5 14. Bg5 Qe6 15. f4 Nxd3+ 16. Qxd3
O-O 17. Qd6 Qxd6 18. Rxd6 Ng4 19. h3 Ne3 20. Rd3 Nc4 21. Be7
Rfe8 22. Bc5 Bc8 23. Rhd1 f6 24. b3 Na5 25. Rd6 Nb7 26. Rxc6
Nd8 27. Rc7 Ne6 28. Rxa7 Rxa7 29. Bxa7 Nxf4 30. Nxb5 Bb7
31. Nd6 Ra8 32. Be3 Nxg2 33. Nxb7 Nxe3 34. Rd3 Ng2 35. a4 Kf7
36. a5 Nf4 37. Rd8 Ra7 38. Rd7+ Kf8 39. b4 h5 40. b5 Nxh3
41. b6 Ra6 42. Nd6 1-0

[Event "Women Grand Prix Ankara"]
[Site "Ankara TUR"]
[Date "2012.09.21"]
[EventDate "2012.09.16"]
[Round "5"]
[Result "1/2-1/2"]
[White "Antoaneta Stefanova"]
[Black "Ruan Lufei"]
[WhiteElo "2502"]
[BlackElo "2492"]
[PlyCount "124"]

1. d4 d5 2. c4 c6 3. Nc3 Nf6 4. e3 e6 5. Nf3 Nbd7 6. Qc2 Bd6
7. b3 O-O 8. Be2 b6 9. O-O Bb7 10. Rd1 Qe7 11. e4 Nxe4
12. Nxe4 dxe4 13. Qxe4 f5 14. Qh4 Qxh4 15. Nxh4 Be7 16. Nf3
Bf6 17. Bg5 Rad8 18. b4 c5 19. Bxf6 gxf6 20. bxc5 Bxf3
21. gxf3 bxc5 22. d5 Kf7 23. dxe6+ Kxe6 24. Rd5 Rg8+ 25. Kf1
f4 26. Rad1 Ke7 27. Rf5 Ne5 28. Rxf4 Rxd1+ 29. Bxd1 Rd8
30. Ke2 Rb8 31. Bb3 Nc6 32. Rh4 Nd4+ 33. Kf1 Nxb3 34. Rxh7+
Ke6 35. axb3 Rxb3 36. Rxa7 Rb4 37. h4 Rxc4 38. Rh7 Kf5 39. h5
Kg5 40. Kg2 Rh4 41. Rc7 Kxh5 42. Rxc5+ Kg6 43. Kg3 Ra4 44. f4
Rb4 45. Kg4 Ra4 46. Rc6 Rb4 47. Rd6 Ra4 48. Rd5 Rc4 49. Kf3
Ra4 50. Ke3 Rb4 51. Rd4 Rb2 52. f3 Rb3+ 53. Kf2 Rb1 54. Rd5
Rb3 55. Kg3 Rb4 56. Ra5 Rc4 57. Ra8 Rb4 58. Kg4 Rc4 59. Rg8+
Kf7 60. Ra8 Kg6 61. Rg8+ Kf7 62. Ra8 Kg6 1/2-1/2

[Event "Women Grand Prix Ankara"]
[Site "Ankara TUR"]
[Date "2012.09.22"]
[EventDate "2012.09.16"]
[Round "6"]
[Result "1-0"]
[White "Ju Wenjun"]
[Black "Antoaneta Stefanova"]
[WhiteElo "2528"]
[BlackElo "2502"]
[PlyCount "65"]

1. Nf3 d5 2. g3 c6 3. Bg2 Bg4 4. O-O Nd7 5. d3 e6 6. h3 Bh5
7. Nbd2 Bd6 8. e4 Ne7 9. d4 O-O 10. c4 Bb4 11. Qb3 Qa5 12. a3
Bxd2 13. Bxd2 Qa6 14. cxd5 cxd5 15. Bb4 Rfe8 16. Bxe7 dxe4
17. Nd2 Rxe7 18. Qb4 Ree8 19. Nxe4 Rab8 20. Rfc1 b6 21. Rc7
Nf6 22. Nxf6+ gxf6 23. Bc6 Red8 24. Qe7 Qe2 25. b4 Qb2 26. Re1
Qxa3 27. Rxa7 Qc3 28. Rxe6 Qxd4 29. Rxf6 Qc4 30. Kh2 b5
31. Bd7 Qf1 32. Bxb5 Qxb5 33. Rxf7 1-0

[Event "Women Grand Prix Ankara"]
[Site "Ankara TUR"]
[Date "2012.09.23"]
[EventDate "2012.09.16"]
[Round "7"]
[Result "1/2-1/2"]
[White "Antoaneta Stefanova"]
[Black "Batkhuyag Munguntuul"]
[WhiteElo "2502"]
[BlackElo "2434"]
[PlyCount "69"]

1. d4 d5 2. c4 c6 3. cxd5 cxd5 4. Nc3 Nf6 5. Bf4 Nc6 6. e3 e6
7. Nf3 Be7 8. h3 O-O 9. Bd3 Bd7 10. O-O Rc8 11. Qe2 a6
12. Rac1 Nb4 13. Bb1 Ne4 14. Ne5 f5 15. Nxd7 Qxd7 16. Nxe4
dxe4 17. Rxc8 Rxc8 18. f3 exf3 19. Qxf3 Qd5 20. Qf2 Nxa2
21. Be5 Rf8 22. Qg3 Bf6 23. e4 Bxe5 24. Qxe5 Qxe5 25. dxe5 Nb4
26. exf5 exf5 27. Bxf5 Re8 28. e6 g6 29. Bg4 Nc6 30. Bf3 Kg7
31. Bxc6 bxc6 32. Rf7+ Kg8 33. Ra7 Rxe6 34. Rxa6 Re2 35. Rxc6
1/2-1/2

[Event "Women Grand Prix Ankara"]
[Site "Ankara TUR"]
[Date "2012.09.24"]
[EventDate "2012.09.16"]
[Round "8"]
[Result "1/2-1/2"]
[White "Anna Muzychuk"]
[Black "Antoaneta Stefanova"]
[WhiteElo "2606"]
[BlackElo "2502"]
[PlyCount "90"]

1. d4 d5 2. c4 c6 3. Nc3 Nf6 4. e3 e6 5. Nf3 Nbd7 6. Qc2 Bd6
7. Bd3 O-O 8. O-O dxc4 9. Bxc4 a6 10. e4 e5 11. Rd1 Qc7 12. h3
b5 13. Bb3 exd4 14. Nxd4 Nc5 15. Bg5 b4 16. Bxf6 bxc3 17. e5
Nxb3 18. Qxb3 Bxe5 19. Bxe5 Qxe5 20. Nxc6 Qe4 21. Qxc3 Bb7
22. Rac1 Rfc8 23. Rd6 Rc7 24. Qa5 Bxc6 25. Rcxc6 Qxc6 26. Rxc6
Rxc6 27. b4 Rb8 28. Kh2 h6 29. a3 Rf6 30. f3 Re8 31. Qd5 Re3
32. a4 Ree6 33. Qd8+ Kh7 34. Qd3+ g6 35. Qd4 Rf5 36. Qc4 h5
37. Qc7 Kg7 38. Qc3+ Kh7 39. Qc7 Rff6 40. Qc4 Rc6 41. Qe4 Rfe6
42. Qd3 Rcd6 43. Qc4 Rc6 44. Qd3 Rcd6 45. Qc4 Rc6 1/2-1/2

[Event "Women Grand Prix Ankara"]
[Site "Ankara TUR"]
[Date "2012.09.26"]
[EventDate "2012.09.16"]
[Round "9"]
[Result "1-0"]
[White "Antoaneta Stefanova"]
[Black "Kubra Ozturk"]
[WhiteElo "2502"]
[BlackElo "2294"]
[PlyCount "71"]

1. Nf3 d5 2. c4 dxc4 3. e3 e6 4. Bxc4 a6 5. Qe2 c5 6. O-O b5
7. Bb3 c4 8. Bc2 Bb7 9. Rd1 Qc7 10. d3 cxd3 11. Bxd3 Nf6
12. a3 Nbd7 13. Nc3 Be7 14. e4 O-O 15. Bg5 Nc5 16. Bc2 Rad8
17. Rdc1 h6 18. Bh4 Nh5 19. Bxe7 Qxe7 20. Qe3 e5 21. b4 Ne6
22. Nxe5 Nhf4 23. Nd3 Qg5 24. Ne1 Rd2 25. h4 Qd8 26. Nf3 Rd6
27. g3 Nh3+ 28. Kh2 Qc8 29. Bb3 Rc6 30. Nd5 Nxf2 31. Ne7+ Kh8
32. Qxf2 Rxc1 33. Nxc8 Rfxc8 34. Rxc1 Rxc1 35. Bd5 Bc8 36. Ne5
1-0

[Event "Women Grand Prix Ankara"]
[Site "Ankara TUR"]
[Date "2012.09.27"]
[EventDate "2012.09.16"]
[Round "10"]
[Result "1/2-1/2"]
[White "Monika (Bobrowska) Socko"]
[Black "Antoaneta Stefanova"]
[WhiteElo "2463"]
[BlackElo "2502"]
[PlyCount "102"]

1. d4 d5 2. c4 dxc4 3. e4 Nf6 4. e5 Nd5 5. Bxc4 Nb6 6. Bd3 Nc6
7. Be3 Nb4 8. Be4 f5 9. exf6 exf6 10. Nc3 c6 11. Nh3 Bxh3
12. Qh5+ g6 13. Qxh3 f5 14. a3 N4d5 15. Bxd5 Nxd5 16. O-O Bg7
17. Rfe1 O-O 18. Bh6 Bxh6 19. Qxh6 Nf6 20. Rad1 Qd6 21. h3
Rae8 22. Re3 Rxe3 23. Qxe3 Re8 24. Qd3 a6 25. Qc4+ Kg7 26. Qc5
Rd8 27. Qe5 Kf7 28. g3 Qd7 29. Qc5 f4 30. Kh2 Re8 31. gxf4 Nh5
32. Qc4+ Kg7 33. d5 Rf8 34. dxc6 Qxc6 35. Qxc6 bxc6 36. Rd7+
Kh6 37. Ne2 Nxf4 38. Nxf4 Rxf4 39. Kg3 Rf5 40. Rc7 Rc5 41. f4
Rc2 42. b4 Rc3+ 43. Kg4 Rxa3 44. Rxc6 a5 45. bxa5 Rxa5 46. Rc7
Rb5 47. Ra7 Rc5 48. Rb7 Ra5 49. Rd7 Rb5 50. Ra7 Rc5 51. Rd7
Rb5 1/2-1/2

[Event "28th European Club Cup (Women)"]
[Site "Eilat ISR"]
[Date "2012.10.13"]
[EventDate "2012.10.11"]
[Round "3"]
[Result "1/2-1/2"]
[White "Antoaneta Stefanova"]
[Black "Alexandra Kosteniuk"]
[WhiteElo "2493"]
[BlackElo "2490"]
[PlyCount "89"]

1. d4 Nf6 2. c4 e6 3. Nc3 Bb4 4. e3 O-O 5. Bd3 d5 6. Nf3 c5
7. O-O dxc4 8. Bxc4 Bd7 9. a3 cxd4 10. axb4 dxc3 11. bxc3 Qc7
12. Qe2 Bc6 13. Nd2 Nbd7 14. e4 Ne5 15. Bb3 Rfd8 16. Bc2 a6
17. c4 Ng6 18. Nf3 Nf4 19. Qe3 e5 20. Re1 Ne6 21. Bb2 Nd4
22. Nxd4 exd4 23. Qd3 Nh5 24. g3 Qd7 25. Qf3 g6 26. Rad1 Qe7
27. Qb3 Qe5 28. f4 Qf6 29. Re2 Ng7 30. b5 axb5 31. cxb5 Be8
32. Bd3 Qb6 33. Ba3 Rdc8 34. Be7 Bd7 35. Ree1 Rc3 36. Qb4 Bg4
37. Rd2 Rac8 38. Qd6 Qa5 39. Qb4 Qxb4 40. Bxb4 Rb3 41. Bd6 Bd7
42. Be5 Ne6 43. Red1 Bxb5 44. Bxb5 Rxb5 45. Bxd4 1/2-1/2

[Event "28th European Club Cup (Women)"]
[Site "Eilat ISR"]
[Date "2012.10.14"]
[EventDate "2012.10.11"]
[Round "4"]
[Result "1/2-1/2"]
[White "Antoaneta Stefanova"]
[Black "Elina Danielian"]
[WhiteElo "2493"]
[BlackElo "2476"]
[PlyCount "85"]

1. d4 Nf6 2. c4 e6 3. d5 c5 4. Nc3 exd5 5. cxd5 d6 6. e4 g6
7. h3 Bg7 8. Nf3 O-O 9. Bd3 a6 10. a4 Re8 11. O-O Nh5 12. Bg5
Bf6 13. Be3 Nd7 14. Nd2 Bd4 15. Bxd4 cxd4 16. Ne2 Nc5 17. Ra3
Bd7 18. Bc2 d3 19. Bxd3 Bxa4 20. Rxa4 Nxd3 21. Rd4 Ndf4
22. Nxf4 Nxf4 23. Qf3 Qf6 24. Rc4 a5 25. b3 b5 26. Rc6 a4
27. bxa4 Rxa4 28. g3 Ra2 29. Qxf4 Qxf4 30. gxf4 Rxd2 31. f3 f5
32. Rf2 Rd1+ 33. Rf1 Rxf1+ 34. Kxf1 fxe4 35. Rxd6 exf3 36. Kf2
b4 37. Rb6 Rd8 38. d6 b3 39. Kxf3 b2 40. Rxb2 Rxd6 41. Rb7 Rd5
42. Kg4 Rf5 43. Ra7 1/2-1/2